Kluby La Liga 2 23/24 - Statystyki

Ogólne statystyki
  • Ten quiz został rozwiązany 21 razy
  • Średni wynik to 8 z 22
Statystyki odpowiedzi
Odpowiedź % Poprawnych
Eibar
68%
Espanyol
58%
Leganes
58%
Levante
58%
Elche
53%
Huesca
42%
Racing Santander
42%
Real Oviedo
42%
Gijon
37%
Real Valladolid
37%
Tenerife
37%
Cartagena
32%
Mirandes
32%
Villarreal B
32%
Andorra
26%
Albacete
21%
Amorebieta
21%
Zaragoza
21%
Alcorcon
16%
Burgos CF
16%
Eldense
11%
Ferrol
5%
Nie znaleziono quizów pasujących do podanych kryteriów
Rozkład punktacji
Procent ludzi z każdym wynikiem
Percentyl według liczby udzielonych odpowiedzi
Twoja historia wyników
Nie rozwiązałeś tego quizu